Tous les pays et capitales du monde (Carte) - Statistiques

Statistiques générales
  • Ce quiz a été pris 726 fois
    712 depuis la dernière actualisation
  • Le résultat moyen est 250 sur 393
Réponses sur la Carte
Les réponses sont colorées sur une échelle allant du rouge au vert en fonction du pourcentage des utilisateurs qui les ont devinées à leur premier essai. Vous pouvez retrouver ces pourcentages ci-dessous.
 
Statistiques - réponses
Pays % Correct
France
89%
Paris
89%
Allemagne
87%
Espagne
86%
États-Unis
86%
Portugal
86%
Royaume-Uni
86%
Russie
86%
Canada
85%
Irlande
85%
Londres
85%
Madrid
85%
Mexique
85%
Washington
85%
Alger
84%
Belgique
84%
Berlin
84%
Brésil
84%
Chine
84%
Italie
84%
Norvège
84%
Pologne
84%
Suède
84%
Vienne
84%
Argentine
83%
Australie
83%
Autriche
83%
Danemark
83%
Finlande
83%
Inde
83%
Islande
83%
Lisbonne
83%
Luxembourg
83%
Monaco
83%
Moscou
83%
Tunis
83%
Algérie
82%
Bruxelles
82%
Chili
82%
Ukraine
82%
Corée du Nord
81%
Corée du Sud
81%
Grèce
81%
Japon
81%
Maroc
81%
Pays-Bas
81%
Suisse
81%
Afrique du Sud
80%
Andorre
80%
Biélorussie
80%
Croatie
80%
Dublin
80%
Égypte
80%
Estonie
80%
Lettonie
80%
Mexico
80%
Rome
80%
Amsterdam
79%
Brasilia
79%
Kiev
79%
Oslo
79%
Pékin
79%
Pérou
79%
Vatican
79%
Arabie Saoudite
78%
Berne
78%
Hongrie
78%
Indonésie
78%
Lituanie
78%
Paraguay
78%
République tchèque
78%
Roumanie
78%
Tokyo
78%
Turquie
78%
Athènes
77%
Bolivie
77%
Colombie
77%
Cuba
77%
Iran
77%
Madagascar
77%
République démocratique du Congo
77%
République du Congo
77%
Thaïlande
77%
Tunisie
77%
Uruguay
77%
Venezuela
77%
Afghanistan
76%
Albanie
76%
Irak
76%
Kazakhstan
76%
Mali
76%
Mongolie
76%
Nouvelle-Zélande
76%
Ottawa
76%
Panama
76%
Varsovie
76%
Viêt Nam
76%
Bulgarie
75%
Équateur
75%
Libye
75%
Copenhague
74%
Helsinki
74%
Macédoine du Nord
74%
Malte
74%
New Delhi
74%
Pakistan
74%
Saint-Marin
74%
Sénégal
74%
Slovaquie
74%
Slovénie
74%
Budapest
73%
Buenos Aires
73%
Canberra
73%
Chypre
73%
Émirats arabes unis
73%
Israël
73%
Kosovo
73%
Laos
73%
Monténégro
73%
Népal
73%
Niger
73%
Séoul
73%
Serbie
73%
Andorre-la-Vieille
72%
Le Caire
72%
Moldavie
72%
Prague
72%
Reykjavik
72%
Stockholm
72%
Arménie
71%
Bosnie-Herzégovine
71%
Bucarest
71%
Géorgie
71%
Guatemala
71%
Guinée
71%
Guyana
71%
Liban
71%
Rabat
71%
Soudan
71%
Syrie
71%
Yémen
71%
Cambodge
70%
Cap-Vert
70%
Côte d’Ivoire
70%
Éthiopie
70%
Haïti
70%
Jamaïque
70%
Nigeria
70%
Oman
70%
Ouzbékistan
70%
Papouasie-Nouvelle-Guinée
70%
Philippines
70%
Qatar
70%
Sofia
70%
Suriname
70%
Togo
70%
Turkménistan
70%
Zagreb
70%
Ankara
69%
Bangladesh
69%
Birmanie
69%
Honduras
69%
Jérusalem
69%
Jordanie
69%
Lima
69%
Mauritanie
69%
Riga
69%
Sri Lanka
69%
Angola
68%
Bénin
68%
Cameroun
68%
Costa Rica
68%
Gabon
68%
Kenya
68%
Liechtenstein
68%
Malaisie
68%
Somalie
68%
Sucre
68%
Belize
67%
Burkina Faso
67%
Ghana
67%
Guinée-Bissau
67%
Koweït
67%
Minsk
67%
Nicaragua
67%
Pretoria
67%
République Dominicaine
67%
Soudan du Sud
67%
Taïwan
67%
Tallinn
67%
Azerbaïdjan
66%
Bahamas
66%
Comores
66%
Djibouti
66%
Kirghizistan
66%
La Valette
66%
Rwanda
66%
Salvador
66%
Botswana
65%
Burundi
65%
Guinée équatoriale
65%
Montevideo
65%
Santiago
65%
Tanzanie
65%
Tchad
65%
Vilnius
65%
Zambie
65%
Zimbabwe
65%
Bhoutan
64%
Bratislava
64%
Érythrée
64%
Fidji
64%
Île Maurice
64%
Liberia
64%
Maldives
64%
Seychelles
64%
Singapour
64%
Tadjikistan
64%
Tirana
64%
Belgrade
63%
Dacca
63%
Jakarta
63%
La Havane
63%
Lesotho
63%
Mozambique
63%
Namibie
63%
Ouganda
63%
Vaduz
63%
Bangkok
62%
Bogota
62%
Eswatini
62%
Gambie
62%
Kaboul
62%
Ljubljana
62%
Pyongyang
62%
République centrafricaine
62%
Sarajevo
62%
Bahreïn
61%
Beyrouth
61%
Dominique
61%
Malawi
61%
Saint-Vincent-et-les-Grenadines
61%
São Tomé
61%
São Tomé-et-Principe
61%
Téhéran
61%
Brunei
60%
Caracas
60%
Riyad
60%
Saint-Christophe-et-Niévès
60%
Antigua-et-Barbuda
59%
Chișinău
59%
Quito
59%
Sainte-Lucie
59%
Sierra Leone
59%
Trinité-et-Tobago
59%
Abou Dabi
58%
Bagdad
58%
Barbade
58%
Grenade
58%
Kingston
58%
Kingstown
58%
Manille
58%
Micronésie
58%
Skopje
58%
Tuvalu
58%
Dakar
57%
Îles Marshall
57%
Kinshasa
57%
Kiribati
57%
Nicosie
57%
Palaos
57%
Timor oriental
57%
Bamako
56%
Brazzaville
56%
Damas
56%
Doha
56%
Hanoï
56%
Nauru
56%
Pristina
56%
Salomon
56%
Samoa
56%
Tonga
56%
Tripoli
56%
Vanuatu
56%
Asuncion
55%
Islamabad
55%
Nairobi
55%
Oulan-Bator
55%
Wellington
55%
Podgorica
54%
Ouagadougou
53%
Antananarivo
52%
Erevan
52%
Katmandou
52%
Kuala Lumpur
52%
Libreville
52%
Port-au-Prince
52%
Taipei
52%
Yaoundé
52%
Astana
51%
Bakou
51%
Saint-Domingue
51%
Tbilissi
51%
Yamoussoukro
51%
Bissau
50%
Georgetown
50%
Addis-Abeba
49%
Amman
49%
Freetown
49%
San Salvador
48%
Accra
47%
Conakry
47%
Nassau
47%
San José
47%
Tegucigalpa
47%
Khartoum
46%
Luanda
46%
Sanaa
46%
Abuja
45%
Kigali
45%
Malé
45%
Mascate
45%
Phnom Penh
45%
Lomé
44%
Manama
44%
Nouakchott
44%
Paramaribo
44%
Vientiane
44%
Mogadiscio
43%
Belmopan
42%
N’Djaména
42%
Niamey
42%
Victoria
42%
Asmara
41%
Managua
41%
Moroni
41%
Port-Louis
41%
Porto-Novo
41%
Praia
41%
Tachkent
41%
Bichkek
40%
Harare
40%
Palestine
40%
Port-d’Espagne
40%
Saint John’s
40%
Maputo
39%
Dodoma
38%
Lusaka
38%
Mbabane
38%
Monrovia
38%
Roseau
38%
Saint-Georges
38%
Windhoek
38%
Achgabat
37%
Bangui
37%
Banjul
37%
Dili
37%
Djouba
37%
Kampala
37%
Naypyidaw
37%
Port Moresby
37%
Sri Jayawardenapura Kotte
37%
Bandar Seri Begawan
36%
Douchanbé
36%
Gaborone
36%
Gitega
36%
Suva
36%
Thimphou
36%
Bridgetown
35%
Castries
35%
Lilongwe
35%
Basseterre
34%
Maseru
33%
Apia
32%
Port-Vila
32%
Malabo
31%
Nukuʻalofa
30%
Palikir
30%
Funafuti
29%
Honiara
28%
Yaren
28%
Ngerulmud
27%
Majuro
26%
Tarawa
26%
Aucun quiz correspondant
Distribution des résultats
% des personnes avec chaque résultat
Percentile par nombre de réponses
Votre historique - résultats
Vous n’avez pas pris ce quiz depuis la dernière actualisation